| 000 | 00619nam a2200205Ia 4500 | ||
|---|---|---|---|
| 008 | 131103s9999 xx 000 0 und d | ||
| 020 | _cRs.30 | ||
| 040 | _aLoreto College | ||
| 041 | _aEnglish | ||
| 082 |
_a954.03/DOD/954.03/SET _bLCLIB/12043 |
||
| 100 | _aSethi,R.R. | ||
| 245 | 4 |
_aThe Cambridge History of India and The Last Phase 1919 - 1947 _cR.R.Sethi; edited by H.H.Dodwell |
|
| 260 |
_aDelhi _bS.Chand & Co. _c1964 |
||
| 300 |
_axxix,759 p. _c 25 p. |
||
| 440 | _aThe Cambridge History of India | ||
| 504 | _aIncludes index,bibliography | ||
| 700 | _aDodwell,H.H.;ed. | ||
| 850 | _aLCLIB | ||
| 942 | _cBK | ||
| 999 |
_c9713 _d60192 |
||